[Event "Landesliga Sued 1213"]
[Site "Bayern"]
[Date "2013.01.13"]
[Round "5.7"]
[White "Stoll, Guido"]
[Black "Linke, Stefan"]
[Result "0-1"]
[WhiteElo "2003"]
[BlackElo "2087"]
[PlyCount "88"]
[EventDate "2012.10.14"]
[EventType "team-tourn"]
[EventRounds "9"]
[EventCountry "GER"]
[SourceTitle "EXT 2015"]
[Source "ChessBase"]
[SourceDate "2014.11.20"]
[SourceVersion "1"]
[SourceVersionDate "2014.11.20"]
[SourceQuality "1"]
[WhiteTeam "Freising"]
[BlackTeam "Muenchen Suedost"]
[WhiteTeamCountry "GER"]
[BlackTeamCountry "GER"]

1. Nf3 d5 2. g3 g6 3. Bg2 Bg7 4. 0-0 e5 5. d3 Ne7 6. c4 c6 7. Nc3 d4 8. Na4 Nd7 9. b4 0-0 10. Rb1 b6 11. Nd2 Bb7 12. Ne4 Nf6 13. Nxf6+ Bxf6 14. e4 Qc7 15. f4 exf4 16. gxf4 Kh8 17. Kh1 Bc8 18. Qf3 Bg7 19. Nb2 Bd7 20. Nd1 Rae8 21. Nf2 Qb8 22. h3 f5 23. c5 Be6 24. Bd2 Qb7 25. a4 Bh6 26. cxb6 axb6 27. a5 Qa7 28. Rfc1 Rb8 29. axb6 Rxb6 30. Ra1 Qb8 31. e5 Bd5 32. Qg3 Bxg2+ 33. Kxg2 Nd5 34. Qh4 Bg7 35. Ra2 Nxb4 36. Bxb4 Rxb4 37. Qe7 Rb7 38. Qc5 g5 39. Qxd4 gxf4 40. Qxf4 Bxe5 41. Qf3 Rg7+ 42. Kh1 c5 43. Re2 Bd4 44. Rf1 Rg3 0-1

[Event "Schwarzach op 27th"]
[Site "Schwarzach"]
[Date "2012.08.23"]
[Round "6"]
[White "Stoll, Guido"]
[Black "Steinmueller, Guenther"]
[Result "1/2-1/2"]
[WhiteElo "1990"]
[BlackElo "2214"]
[PlyCount "90"]
[EventDate "2012.08.18"]
[EventType "swiss"]
[EventRounds "9"]
[EventCountry "AUT"]
[SourceTitle "CBM 150 Extra"]
[Source "ChessBase"]
[SourceDate "2012.10.19"]
[SourceVersion "1"]
[SourceVersionDate "2012.10.19"]
[SourceQuality "1"]

1. Nf3 Nf6 2. g3 d5 3. Bg2 g6 4. 0-0 Bg7 5. d3 0-0 6. Nbd2 c6 7. e4 Qb6 8. Qe2 dxe4 9. dxe4 Qa6 10. Qxa6 Nxa6 11. a3 Nc5 12. Re1 Rd8 13. e5 Ne8 14. Nc4 Bf5 15. Be3 Ne6 16. Rac1 Be4 17. Ncd2 Bxf3 18. Nxf3 N8c7 19. Bh3 c5 20. Rcd1 Kf8 21. Bg2 h6 22. h4 Nd5 23. Bc1 b5 24. Nh2 Nec7 25. Re2 Nc3 26. Rxd8+ Rxd8 27. Rd2 Rxd2 28. Bxd2 Nd1 29. b3 Bxe5 30. Bxh6+ Kg8 31. Bf3 Nc3 32. Ng4 Bd6 33. Bc1 b4 34. a4 c4 35. Ne3 cxb3 36. cxb3 e6 37. Nc4 Bc5 38. Kf1 N7d5 39. Ne3 Nc7 40. Ke1 e5 41. Nd1 N7d5 42. Bb2 e4 43. Be2 Nxe2 44. Kxe2 f5 45. f3 exf3+ 1/2-1/2

[Event "Landesliga U20 Sued 1112"]
[Site "Bayern"]
[Date "2011.11.12"]
[Round "1.1"]
[White "Haussmann, Gino"]
[Black "Stoll, Guido"]
[Result "0-1"]
[WhiteElo "1701"]
[BlackElo "2012"]
[PlyCount "100"]
[EventDate "2011.11.12"]
[EventType "team-tourn"]
[EventRounds "7"]
[EventCountry "GER"]
[SourceTitle "EXT 2022"]
[Source "ChessBase"]
[SourceDate "2021.10.06"]
[SourceVersion "1"]
[SourceVersionDate "2021.10.06"]
[SourceQuality "1"]
[WhiteTeam "Ebersberg Grafing U20"]
[BlackTeam "Freising SK U20"]
[WhiteTeamCountry "GER"]
[BlackTeamCountry "GER"]

1. d4 Nf6 2. Bf4 g6 3. h3 Bg7 4. c3 d6 5. Nd2 0-0 6. Bh2 c5 7. e3 Be6 8. Bc4 Bxc4 9. Nxc4 b5 10. Nd2 Nbd7 11. f4 cxd4 12. exd4 e5 13. dxe5 dxe5 14. fxe5 Re8 15. Ngf3 Nxe5 16. Nxe5 Nd7 17. 0-0 Nxe5 18. Kh1 Qd5 19. Nb3 Rad8 20. Qxd5 Rxd5 21. Rfe1 Kf8 22. Re2 Nc4 23. Rae1 Rxe2 24. Rxe2 Rd1+ 25. Bg1 Bh6 26. Kh2 Bf4+ 27. g3 Bxg3+ 28. Kg2 Re1 29. Bc5+ Kg8 30. Rxe1 Bxe1 31. Bxa7 Nxb2 32. Nd4 Bxc3 33. Nxb5 Ba5 34. Kf3 f5 35. h4 Bd8 36. h5 g5 37. Nd6 g4+ 38. Kg2 f4 39. Ne4 Nd3 40. Bb8 Kg7 41. a4 Kh6 42. Nf2 f3+ 43. Kg3 Nxf2 44. Kxf2 Kxh5 45. Bf4 Ba5 46. Kg3 Be1+ 47. Kh2 Kg6 48. Kg1 Ba5 49. Kf1 Kf5 50. Bg3 h5 0-1

[Event "Karl Mala Memorial op 14th"]
[Site "Frankfurt"]
[Date "2011.07.09"]
[Round "4"]
[White "Stoll, Guido"]
[Black "Mook, Karl Juergen"]
[Result "1-0"]
[WhiteElo "1946"]
[BlackElo "1611"]
[PlyCount "77"]
[EventDate "2011.07.07"]
[EventType "swiss"]
[EventRounds "7"]
[EventCountry "GER"]
[SourceTitle "EXT 2012"]
[Source "ChessBase"]
[SourceDate "2011.11.24"]
[SourceVersion "1"]
[SourceVersionDate "2011.11.24"]
[SourceQuality "1"]

1. e4 e5 2. Bc4 Nf6 3. d3 Bc5 4. Nf3 d6 5. c3 Bg4 6. h3 Bxf3 7. Qxf3 0-0 8. 0-0 Nbd7 9. Nd2 c6 10. Re1 b5 11. Bb3 a5 12. Nf1 a4 13. Bc2 Re8 14. Ne3 Bxe3 15. Bxe3 h6 16. d4 Nh7 17. Qg3 Qf6 18. f4 Kh8 19. Rad1 Ndf8 20. Rf1 Qg6 21. Qxg6 fxg6 22. fxe5 dxe5 23. d5 Rac8 24. dxc6 Rxc6 25. Rd5 Rf6 26. Rxb5 Rxf1+ 27. Kxf1 Nf6 28. Bxa4 Ra8 29. Bb3 N6d7 30. Bd5 Rb8 31. Rxb8 Nxb8 32. a4 Nfd7 33. b4 Nf6 34. c4 Nxd5 35. exd5 Kg8 36. a5 Kf7 37. b5 Ke7 38. c5 Kd7 39. a6 1-0

[Event "Karl Mala Memorial op 14th"]
[Site "Frankfurt"]
[Date "2011.07.07"]
[Round "1"]
[White "Patzak, Corinna"]
[Black "Stoll, Guido"]
[Result "0-1"]
[WhiteElo "1264"]
[BlackElo "1946"]
[PlyCount "72"]
[EventDate "2011.07.07"]
[EventType "swiss"]
[EventRounds "7"]
[EventCountry "GER"]
[SourceTitle "EXT 2012"]
[Source "ChessBase"]
[SourceDate "2011.11.24"]
[SourceVersion "1"]
[SourceVersionDate "2011.11.24"]
[SourceQuality "1"]

1. d4 Nf6 2. c4 g6 3. Nc3 Bg7 4. Nf3 d6 5. h3 0-0 6. e4 Nbd7 7. Be3 e5 8. d5 a5 9. a4 b6 10. Be2 Nc5 11. Nd2 Ne8 12. 0-0 f5 13. f3 f4 14. Bf2 Bf6 15. Qe1 Rf7 16. Rb1 g5 17. b4 axb4 18. Rxb4 Bd7 19. Qd1 Rg7 20. g4 fxg3 21. Bxg3 Bxh3 22. Rf2 Be7 23. Rh2 Qc8 24. Kf2 Nf6 25. Qh1 g4 26. Bf1 Bxf1 27. Kxf1 Qd7 28. Ke2 gxf3+ 29. Qxf3 Rf8 30. Rf2 Ng4 31. Qxf8+ Bxf8 32. Rf3 Rf7 33. Rb1 Rxf3 34. Nxf3 Nxa4 35. Nb5 c6 36. Na3 Nc3+ 0-1

[Event "Regionalliga SO 0910"]
[Site "Bayern"]
[Date "2010.04.11"]
[Round "9.8"]
[White "Stoll, Guido"]
[Black "Thome, Volker"]
[Result "0-1"]
[WhiteElo "1877"]
[BlackElo "1978"]
[PlyCount "64"]
[EventDate "2009.10.18"]
[EventType "team-tourn"]
[EventRounds "9"]
[EventCountry "GER"]
[SourceTitle "EXT 2011"]
[Source "ChessBase"]
[SourceDate "2010.11.26"]
[SourceVersion "1"]
[SourceVersionDate "2010.11.26"]
[SourceQuality "1"]
[WhiteTeam "Freising"]
[BlackTeam "Trostberg"]
[WhiteTeamCountry "GER"]
[BlackTeamCountry "GER"]

1. Nf3 Nf6 2. g3 d5 3. Bg2 Bf5 4. 0-0 e6 5. d3 Be7 6. Nbd2 h6 7. c4 c6 8. b3 Nbd7 9. Bb2 0-0 10. Re1 Bc5 11. e4 dxe4 12. dxe4 Bh7 13. h3 Qb6 14. Qe2 Rad8 15. Ne5 Nxe5 16. Bxe5 Bxf2+ 17. Qxf2 Qxf2+ 18. Kxf2 Rxd2+ 19. Kf1 Rfd8 20. Re2 Rxe2 21. Kxe2 Nxe4 22. Bxe4 Bxe4 23. c5 Rd5 24. Bd6 h5 25. Ke3 Bf5 26. h4 e5 27. Rf1 Bg6 28. Rg1 f6 29. Ra1 Rd3+ 30. Kf2 Be4 31. Re1 Rf3+ 32. Kg2 Bd5 0-1

[Event "Regionalliga SO 0910"]
[Site "Bayern"]
[Date "2009.10.18"]
[Round "1.8"]
[White "Strangmueller, Andreas"]
[Black "Stoll, Guido"]
[Result "0-1"]
[WhiteElo "1853"]
[BlackElo "1877"]
[PlyCount "58"]
[EventDate "2009.10.18"]
[EventType "team-tourn"]
[EventRounds "9"]
[EventCountry "GER"]
[SourceTitle "EXT 2011"]
[Source "ChessBase"]
[SourceDate "2010.11.26"]
[SourceVersion "1"]
[SourceVersionDate "2010.11.26"]
[SourceQuality "1"]
[WhiteTeam "Landshut"]
[BlackTeam "Freising"]
[WhiteTeamCountry "GER"]
[BlackTeamCountry "GER"]

1. d4 Nf6 2. c4 g6 3. Nc3 Bg7 4. e4 d6 5. Be2 0-0 6. Nf3 e5 7. 0-0 Nbd7 8. Re1 Re8 9. Bf1 exd4 10. Nxd4 Nc5 11. f3 a5 12. Be3 Nfd7 13. Qd2 Ne5 14. Rad1 h5 15. Ndb5 Bd7 16. Nxc7 Qxc7 17. Qxd6 Na6 18. f4 Bg4 19. fxe5 Bxd1 20. Rxd1 Bxe5 21. Qxc7 Nxc7 22. Bb6 Re7 23. Bxc7 Rxc7 24. Nd5 Rc5 25. Nb6 Re8 26. Na4 Rcc8 27. Rd5 Bc7 28. c5 Rxe4 29. Bb5 Rd8 0-1

[Event "Stuttgart-chA int"]
[Site "Ditzingen"]
[Date "2008.05.04"]
[Round "7"]
[White "Srokovskiy, Alexander"]
[Black "Stoll, Guido"]
[Result "1/2-1/2"]
[WhiteElo "1765"]
[BlackElo "1914"]
[PlyCount "41"]
[EventDate "2008.05.01"]
[EventType "swiss"]
[EventRounds "7"]
[EventCountry "GER"]
[SourceTitle "EXT 2018"]
[Source "ChessBase"]
[SourceDate "2017.10.13"]
[SourceVersion "1"]
[SourceVersionDate "2017.10.13"]
[SourceQuality "1"]

1. e4 c5 2. Nf3 g6 3. d4 cxd4 4. c3 d3 5. c4 Bg7 6. Bxd3 Nc6 7. 0-0 Nf6 8. Nc3 0-0 9. Qd2 d6 10. b3 b6 11. Bb2 Bb7 12. Rad1 Nd7 13. Bb1 Nde5 14. Ne1 Qc8 15. f4 Ng4 16. Nf3 Rd8 17. Nd5 e6 18. Bxg7 exd5 19. exd5 Kxg7 20. dxc6 Qxc6 21. Qd4+ 1/2-1/2

[Event "Stuttgart-chA int"]
[Site "Ditzingen"]
[Date "2008.05.03"]
[Round "5"]
[White "Guballa, Jens"]
[Black "Stoll, Guido"]
[Result "1-0"]
[WhiteElo "2041"]
[BlackElo "1914"]
[PlyCount "113"]
[EventDate "2008.05.01"]
[EventType "swiss"]
[EventRounds "7"]
[EventCountry "GER"]
[SourceTitle "EXT 2018"]
[Source "ChessBase"]
[SourceDate "2017.10.13"]
[SourceVersion "1"]
[SourceVersionDate "2017.10.13"]
[SourceQuality "1"]

1. d4 Nf6 2. Nf3 g6 3. c4 Bg7 4. g3 d6 5. Bg2 0-0 6. 0-0 Nbd7 7. Nc3 e5 8. d5 a5 9. Qc2 Nc5 10. Nd2 Nfd7 11. b3 f5 12. a3 Nf6 13. Rb1 f4 14. e4 Bd7 15. b4 axb4 16. axb4 Na6 17. Ba3 Qc8 18. c5 Bh3 19. f3 fxg3 20. hxg3 Nh5 21. Kh2 Bxg2 22. Kxg2 Qd8 23. Nc4 Qg5 24. Ne2 Nf4+ 25. Kf2 Nh3+ 26. Ke1 Qh5 27. Rb3 Rf6 28. cxd6 cxd6 29. Nb6 Rd8 30. Rc3 Rff8 31. Rh1 Rxf3 32. Ng1 Rxc3 33. Qxc3 Qg4 34. Rxh3 Qxe4+ 35. Ne2 Qb1+ 36. Kd2 e4 37. Qc2 Qf1 38. Rh4 e3+ 39. Kd3 Re8 40. Rf4 Qa1 41. Bc1 Qe5 42. Qc4 g5 43. Re4 Qf5 44. g4 Rxe4 45. gxf5 Rxc4 46. Kxc4 Be5 47. Bxe3 g4 48. b5 Nc7 49. Nd7 Bh2 50. Nf6+ Kf7 51. Nxg4 Be5 52. Nxe5+ dxe5 53. d6 Ne6 54. Kd5 Nd8 55. Bg5 Ke8 56. Bxd8 Kxd8 57. Kxe5 1-0